| Tag |
First Indicator |
Second Indicator |
Subfields |
| LEADER |
00000cam a22000008a 4500 |
| 001 |
in00000075133 |
| 005 |
20151008060320.0 |
| 008 |
810827s1982 nyu 00010 eng |
| 010 |
|
|
|a 81012554
|
| 020 |
|
|
|a 0374158924 :
|c $15.00
|
| 035 |
|
|
|a (OCoLC)07796025
|
| 035 |
|
|
|9 AAJ5535AM
|
| 039 |
0 |
|
|a 2
|b 3
|c 3
|d 3
|e 3
|
| 040 |
|
|
|a DLC
|c DLC
|d TXA
|d UtOrBLW
|
| 041 |
1 |
|
|a eng
|a spa
|
| 049 |
|
|
|a TXAM
|c [1672947]
|
| 050 |
0 |
0 |
|a PQ7390.P3
|b H5913 1982
|
| 082 |
0 |
|
|a 861
|2 19
|
| 100 |
1 |
|
|a Padilla, Heberto.
|
| 245 |
1 |
0 |
|a Legacies :
|b selected poems /
|c Heberto Padilla ; a bilingual edition translated by Alastair Reid and Andrew Hurley.
|
| 250 |
|
|
|a 1st ed.
|
| 263 |
|
|
|a 8109
|
| 264 |
|
1 |
|a New York :
|b Farrar, Straus, Giroux,
|c 1982.
|
| 300 |
|
|
|a xii, 179 pages ;
|c 24 cm.
|
| 336 |
|
|
|a text
|b txt
|2 rdacontent
|
| 337 |
|
|
|a unmediated
|b n
|2 rdamedia
|
| 338 |
|
|
|a volume
|b nc
|2 rdacarrier
|
| 500 |
|
|
|a Translation of: Hombre junto al mar.
|
| 700 |
1 |
2 |
|a Padilla, Heberto.
|t Hombre junto al mar.
|l English.
|
| 700 |
1 |
2 |
|a Padilla, Heberto.
|t Hombre junto al mar.
|l Spanish.
|
| 999 |
|
|
|a MARS
|
| 999 |
f |
f |
|s 9cff9d94-fa5d-3765-a8f3-cfa75681e638
|i 25c25557-2783-3e8c-b0af-d1d7873fe87e
|t 0
|
| 952 |
f |
f |
|p ric
|a Texas A&M University
|b Rellis Campus
|c Joint Library Facility
|d Remote Storage
|t 0
|e PQ7390.P3 H5913 1982
|h Library of Congress classification
|i unmediated -- volume
|m A14806182051
|
| 998 |
f |
f |
|a PQ7390.P3 H5913 1982
|t 0
|l Remote Storage
|